00424nam a2200157Ia 4500008004100000082002100041100001200062245003500074250000600109260004900115300000800164600001200172630003500184700001200219730003500231151018s9999 xx 000 0 und d bRBASDV62794a824 aA Mani aDimensions of social exclusion b1 b"Discovery publishing housenew ,delhi"c2013 a223 aA Mani aDimensions of social exclusion aA Mani aDimensions of social exclusion